[Event "Benidorm Satellite preliminary"]
[Site "playchess.com #007036"]
[Date "2009.10.24"]
[Round "1"]
[White "FaIlWoRd"]
[Black "Scottramott"]
[Result "1-0"]
[WhiteElo "2702"]
[BlackElo "1790"]
[PlyCount "69"]
[EventDate "2009.10.24"]
[EventType "swiss (blitz)"]

1. e4 {[%emt 0:00:01]} c6 {[%emt 0:00:01]} 2. d4 {[%emt 0:00:02]} d5 {[%emt 0:
00:01]} 3. exd5 {[%emt 0:00:01]} cxd5 {[%emt 0:00:01]} 4. c4 {[%emt 0:00:02]}
Nf6 {[%emt 0:00:00]} 5. Nc3 {[%emt 0:00:01]} e6 {[%emt 0:00:01]} 6. Nf3 {[%emt
0:00:01]} Bd6 {[%emt 0:00:01]} 7. Bd3 {[%emt 0:00:03]} O-O {[%emt 0:00:02]} 8.
O-O {[%emt 0:00:01]} Nc6 {[%emt 0:00:08]} 9. Bg5 {[%emt 0:00:02]} Be7 {[%emt 0:
00:01]} 10. Re1 {[%emt 0:00:07]} h6 {[%emt 0:00:02]} 11. Bh4 {[%emt 0:00:02]}
a6 {[%emt 0:00:04]} 12. a3 {[%emt 0:00:03]} dxc4 {[%emt 0:00:04]} 13. Bxc4 {
[%emt 0:00:01]} b5 {[%emt 0:00:01]} 14. Ba2 {[%emt 0:00:01]} Bb7 {[%emt 0:00:
01]} 15. Qd3 {[%emt 0:00:05]} g6 {[%emt 0:00:10]} 16. Rad1 {[%emt 0:00:21]} Kg7
{[%emt 0:00:10]} 17. Bb1 {[%emt 0:00:05]} Nd5 {[%emt 0:00:05]} 18. Bg3 {[%emt
0:00:14]} Bf6 {[%emt 0:00:04]} 19. Rxe6 {[%emt 0:00:03]} Nxc3 {[%emt 0:00:10]}
20. bxc3 {[%emt 0:00:02]} Ne7 {[%emt 0:00:04]} 21. Rxf6 {[%emt 0:00:10]} Kxf6 {
[%emt 0:00:02]} 22. Be5+ {[%emt 0:00:01]} Ke6 {[%emt 0:00:01]} 23. Qe3 {[%emt
0:00:23]} Kd7 {[%emt 0:00:02]} 24. Ba2 {[%emt 0:00:12]} Nf5 {[%emt 0:00:03]}
25. Qf4 {[%emt 0:00:03]} f6 {[%emt 0:00:04]} 26. g4 {[%emt 0:00:15]} Ng7 {
[%emt 0:00:17]} 27. Bd6 {[%emt 0:00:06]} Re8 {[%emt 0:00:05]} 28. Bc5 {[%emt 0:
00:11]} Qc7 {[%emt 0:00:07]} 29. Qxf6 {[%emt 0:00:13]} Bxf3 {[%emt 0:00:06]}
30. Qxf3 {[%emt 0:00:07]} Qc6 {[%emt 0:00:01]} 31. Qf7+ {[%emt 0:00:03]} Kd8 {
[%emt 0:00:06]} 32. Qxg7 {[%emt 0:00:06]} Rb8 {[%emt 0:00:01]} 33. Qxh6 {[%emt
0:00:10]} Rb7 {[%emt 0:00:01]} 34. Qg5+ {[%emt 0:00:03]} Kc8 {[%emt 0:00:04]}
35. Bd5 {[%emt 0:00:02] Scottramott gibt auf} 1-0

[Event "Benidorm Satellite preliminary"]
[Site "playchess.com #007036"]
[Date "2009.10.24"]
[Round "1"]
[White "Rpughiii"]
[Black "Matematika"]
[Result "0-1"]
[WhiteElo "1302"]
[BlackElo "2024"]
[PlyCount "54"]
[EventDate "2009.10.24"]
[EventType "swiss (blitz)"]

1. e4 {[%emt 0:00:04]} e6 {[%emt 0:00:02]} 2. d3 {[%emt 0:00:12]} d5 {[%emt 0:
00:02]} 3. Nd2 {[%emt 0:00:02]} Nf6 {[%emt 0:00:01]} 4. Ngf3 {[%emt 0:00:09]}
c5 {[%emt 0:00:01]} 5. g3 {[%emt 0:00:10]} Nc6 {[%emt 0:00:02]} 6. Bg2 {[%emt
0:00:05]} dxe4 {[%emt 0:00:03]} 7. dxe4 {[%emt 0:00:02]} e5 {[%emt 0:00:02]} 8.
O-O {[%emt 0:00:05]} Be7 {[%emt 0:00:03]} 9. c3 {[%emt 0:00:25]} Qc7 {[%emt 0:
00:02]} 10. Qc2 {[%emt 0:00:25]} O-O {[%emt 0:00:03]} 11. Nc4 {[%emt 0:00:18]}
h6 {[%emt 0:00:03]} 12. Ne3 {[%emt 0:00:23]} Rd8 {[%emt 0:00:06]} 13. b3 {
[%emt 0:00:22]} Be6 {[%emt 0:00:02]} 14. Bb2 {[%emt 0:00:05]} b5 {[%emt 0:00:
06]} 15. Rfd1 {[%emt 0:00:24]} Bf8 {[%emt 0:00:05]} 16. Rd2 {[%emt 0:00:06]}
Rxd2 {[%emt 0:00:04]} 17. Qxd2 {[%emt 0:00:02]} Rd8 {[%emt 0:00:01]} 18. Qc2 {
[%emt 0:00:01]} c4 {[%emt 0:00:06]} 19. Rd1 {[%emt 0:00:03]} a5 {[%emt 0:00:05]
} 20. Rxd8 {[%emt 0:00:08]} Qxd8 {[%emt 0:00:01]} 21. Nh4 {[%emt 0:00:04]} g6 {
[%emt 0:00:04]} 22. Qd1 {[%emt 0:00:06]} Qxd1+ {[%emt 0:00:08] '} 23. Nxd1 {
[%emt 0:00:02]} cxb3 {[%emt 0:00:01]} 24. a3 {[%emt 0:00:02]} b4 {[%emt 0:00:
12]} 25. a4 {[%emt 0:00:02]} bxc3 {[%emt 0:00:03]} 26. Nxc3 {[%emt 0:00:02]}
Bb4 {[%emt 0:00:01]} 27. Nb5 {[%emt 0:00:03] .} Bc4 {[%emt 0:00:08] Time} 0-1

[Event "Benidorm Satellite preliminary"]
[Site "playchess.com #007036"]
[Date "2009.10.24"]
[Round "1"]
[White "Panosjoydome"]
[Black "Schachriese"]
[Result "0-1"]
[WhiteElo "1743"]
[BlackElo "2630"]
[PlyCount "46"]
[EventDate "2009.10.24"]
[EventType "swiss (blitz)"]

1. e4 {[%emt 0:00:02]} c5 {[%emt 0:00:01]} 2. c3 {[%emt 0:00:02]} Nf6 {[%emt 0:
00:08]} 3. e5 {[%emt 0:00:02]} Nd5 {[%emt 0:00:01]} 4. d4 {[%emt 0:00:01]} cxd4
{[%emt 0:00:01]} 5. cxd4 {[%emt 0:00:00]} Nc6 {[%emt 0:00:05]} 6. Nf3 {[%emt 0:
00:01]} d6 {[%emt 0:00:01]} 7. Bc4 {[%emt 0:00:01]} dxe5 {[%emt 0:00:01]} 8.
dxe5 {[%emt 0:00:15]} Ndb4 {[%emt 0:00:03]} 9. Bxf7+ {[%emt 0:00:19]} Kxf7 {
[%emt 0:00:04]} 10. Ng5+ {[%emt 0:00:02]} Ke8 {[%emt 0:00:33]} 11. Bd2 {[%emt
0:00:45]} Qd3 {[%emt 0:00:18]} 12. Na3 {[%emt 0:00:17]} e6 {[%emt 0:00:19]} 13.
Rc1 {[%emt 0:00:12]} Be7 {[%emt 0:00:07]} 14. Rc3 {[%emt 0:00:08]} Qf5 {[%emt
0:00:09]} 15. Nf3 {[%emt 0:00:13]} Nd3+ {[%emt 0:00:03]} 16. Ke2 {[%emt 0:00:
08]} Ndxe5 {[%emt 0:00:07]} 17. Re1 {[%emt 0:00:05]} Nxf3 {[%emt 0:00:03]} 18.
Rxf3 {[%emt 0:00:00]} Nd4+ {[%emt 0:00:02]} 19. Kf1 {[%emt 0:00:04]} Nxf3 {
[%emt 0:00:01]} 20. gxf3 {[%emt 0:00:02]} Bd7 {[%emt 0:00:01]} 21. Nc4 {[%emt
0:00:01]} Bb5 {[%emt 0:00:01]} 22. Qb3 {[%emt 0:00:03]} Rc8 {[%emt 0:00:06]}
23. Rc1 {[%emt 0:00:05]} Qd5 {[%emt 0:00:04] Panosjoydome resigns} 0-1

[Event "Benidorm Satellite preliminary"]
[Site "playchess.com #007036"]
[Date "2009.10.24"]
[Round "1"]
[White "MrHub"]
[Black "renovez"]
[Result "1-0"]
[WhiteElo "2482"]
[BlackElo "1701"]
[PlyCount "113"]
[EventDate "2009.10.24"]
[EventType "swiss (blitz)"]

1. d4 {[%emt 0:00:02]} d6 {[%emt 0:00:01]} 2. Nf3 {[%emt 0:00:01]} Nd7 {[%emt
0:00:03]} 3. Bf4 {[%emt 0:00:01]} g6 {[%emt 0:00:02]} 4. c3 {[%emt 0:00:01]}
Bg7 {[%emt 0:00:00]} 5. e3 {[%emt 0:00:01]} c5 {[%emt 0:00:00]} 6. h3 {[%emt 0:
00:01]} Qb6 {[%emt 0:00:01]} 7. Qb3 {[%emt 0:00:02]} cxd4 {[%emt 0:00:03]} 8.
exd4 {[%emt 0:00:05]} Ngf6 {[%emt 0:00:02]} 9. Nbd2 {[%emt 0:00:02]} O-O {
[%emt 0:00:03]} 10. Be2 {[%emt 0:00:03]} Qxb3 {[%emt 0:00:05]} 11. axb3 {[%emt
0:00:02]} h6 {[%emt 0:00:04]} 12. O-O {[%emt 0:00:02]} g5 {[%emt 0:00:02]} 13.
Bg3 {[%emt 0:00:03]} Nb6 {[%emt 0:00:03]} 14. Rfe1 {[%emt 0:00:03]} Bf5 {[%emt
0:00:02]} 15. Ra5 {[%emt 0:00:12]} Bg6 {[%emt 0:00:08]} 16. Nf1 {[%emt 0:00:11]
} Rfd8 {[%emt 0:00:01]} 17. h4 {[%emt 0:00:12]} g4 {[%emt 0:00:04]} 18. N3d2 {
[%emt 0:00:03]} h5 {[%emt 0:00:01]} 19. Ne3 {[%emt 0:00:07]} e6 {[%emt 0:00:01]
} 20. Nec4 {[%emt 0:00:04]} Nxc4 {[%emt 0:00:05]} 21. Nxc4 {[%emt 0:00:01]} d5
{[%emt 0:00:01]} 22. Ne5 {[%emt 0:00:02]} Ne4 {[%emt 0:00:01]} 23. Nxg6 {[%emt
0:00:03]} fxg6 {[%emt 0:00:02]} 24. Bf4 {[%emt 0:00:05]} b6 {[%emt 0:00:04]}
25. Ra6 {[%emt 0:00:03]} Rf8 {[%emt 0:00:01]} 26. g3 {[%emt 0:00:03]} Rf7 {
[%emt 0:00:09]} 27. Rea1 {[%emt 0:00:03]} Bf8 {[%emt 0:00:05]} 28. Rxb6 {[%emt
0:00:05]} axb6 {[%emt 0:00:03]} 29. Rxa8 {[%emt 0:00:02]} Kg7 {[%emt 0:00:00]}
30. Bd3 {[%emt 0:00:03]} Bd6 {[%emt 0:00:02]} 31. Bxd6 {[%emt 0:00:06]} Nxd6 {
[%emt 0:00:02]} 32. Rb8 {[%emt 0:00:03]} Rb7 {[%emt 0:00:08]} 33. Rxb7+ {[%emt
0:00:06]} Nxb7 {[%emt 0:00:01]} 34. Kg2 {[%emt 0:00:05]} Na5 {[%emt 0:00:01]}
35. b4 {[%emt 0:00:02]} Nb3 {[%emt 0:00:02]} 36. Be2 {[%emt 0:00:05]} Nd2 {
[%emt 0:00:05]} 37. f3 {[%emt 0:00:03]} gxf3+ {[%emt 0:00:04]} 38. Bxf3 {[%emt
0:00:02]} Nc4 {[%emt 0:00:00]} 39. b3 {[%emt 0:00:03]} Nd2 {[%emt 0:00:03]} 40.
Bd1 {[%emt 0:00:02]} Ne4 {[%emt 0:00:01]} 41. Bc2 {[%emt 0:00:03]} Nxc3 {[%emt
0:00:02]} 42. Kf3 {[%emt 0:00:02]} Na2 {[%emt 0:00:01]} 43. b5 {[%emt 0:00:05]}
Nc3 {[%emt 0:00:01]} 44. Bd3 {[%emt 0:00:02]} Kf6 {[%emt 0:00:05]} 45. Ke3 {
[%emt 0:00:02]} g5 {[%emt 0:00:05]} 46. Kd2 {[%emt 0:00:02]} Na2 {[%emt 0:00:
01]} 47. Bb1 {[%emt 0:00:11]} gxh4 {[%emt 0:00:02]} 48. gxh4 {[%emt 0:00:01]}
Nb4 {[%emt 0:00:01]} 49. Kc3 {[%emt 0:00:04]} e5 {[%emt 0:00:09]} 50. dxe5+ {
[%emt 0:00:04]} Kxe5 {[%emt 0:00:00]} 51. Kxb4 {[%emt 0:00:01]} Kd4 {[%emt 0:
00:05]} 52. Bg6 {[%emt 0:00:02]} Ke3 {[%emt 0:00:05]} 53. Bxh5 {[%emt 0:00:01]}
d4 {[%emt 0:00:01]} 54. Bg6 {[%emt 0:00:02]} Kf4 {[%emt 0:00:02]} 55. Kc4 {
[%emt 0:00:03]} Kg4 {[%emt 0:00:00]} 56. h5 {[%emt 0:00:01]} Kg5 {[%emt 0:00:
00]} 57. Kxd4 {[%emt 0:00:01] renovez resigns} 1-0

[Event "Benidorm Satellite preliminary"]
[Site "playchess.com #007036"]
[Date "2009.10.24"]
[Round "1"]
[White "Nußhardt"]
[Black "Palmolive"]
[Result "0-1"]
[WhiteElo "1682"]
[BlackElo "2472"]
[PlyCount "88"]
[EventDate "2009.10.24"]
[EventType "swiss (blitz)"]

1. d4 {[%emt 0:00:04]} Nf6 {[%emt 0:00:02]} 2. e4 {[%emt 0:00:01]} d6 {[%emt 0:
00:01]} 3. f3 {[%emt 0:00:02]} g6 {[%emt 0:00:02]} 4. Bd3 {[%emt 0:00:01]} e5 {
[%emt 0:00:03]} 5. d5 {[%emt 0:00:02]} Bg7 {[%emt 0:00:01]} 6. Be3 {[%emt 0:00:
02]} O-O {[%emt 0:00:01]} 7. Qd2 {[%emt 0:00:01]} Nh5 {[%emt 0:00:01]} 8. Bh6 {
[%emt 0:00:03]} Nf4 {[%emt 0:00:13]} 9. Bxg7 {[%emt 0:00:04]} Kxg7 {[%emt 0:00:
02]} 10. g3 {[%emt 0:00:01]} Nh5 {[%emt 0:00:06]} 11. Bf1 {[%emt 0:00:06]} f5 {
[%emt 0:00:01]} 12. Bh3 {[%emt 0:00:03]} f4 {[%emt 0:00:01]} 13. g4 {[%emt 0:
00:04]} Nf6 {[%emt 0:00:14]} 14. Bf1 {[%emt 0:00:04]} c6 {[%emt 0:00:04]} 15.
c4 {[%emt 0:00:03]} cxd5 {[%emt 0:00:01]} 16. cxd5 {[%emt 0:00:02]} Bxg4 {
[%emt 0:00:04]} 17. fxg4 {[%emt 0:00:08]} Nxe4 {[%emt 0:00:01]} 18. Qc2 {[%emt
0:00:03]} Qh4+ {[%emt 0:00:02]} 19. Ke2 {[%emt 0:00:09]} Qf2+ {[%emt 0:00:03]}
20. Kd3 {[%emt 0:00:03]} Nc5+ {[%emt 0:00:01]} 21. Kc3 {[%emt 0:00:03]} Qxf1 {
[%emt 0:00:01]} 22. Nd2 {[%emt 0:00:04]} Qg2 {[%emt 0:00:01]} 23. Ngf3 {[%emt
0:00:04]} Qxg4 {[%emt 0:00:03]} 24. b4 {[%emt 0:00:06]} Nca6 {[%emt 0:00:08]}
25. Kb3 {[%emt 0:00:07]} Nd7 {[%emt 0:00:02]} 26. Qd3 {[%emt 0:00:17]} Rac8 {
[%emt 0:00:03]} 27. Rac1 {[%emt 0:00:03]} Qf5 {[%emt 0:00:07]} 28. Qxf5 {[%emt
0:00:04]} gxf5 {[%emt 0:00:01]} 29. Ng5 {[%emt 0:00:03]} Rfe8 {[%emt 0:00:09]}
30. Ne6+ {[%emt 0:00:03]} Kf6 {[%emt 0:00:01]} 31. Nc4 {[%emt 0:00:06]} Ke7 {
[%emt 0:00:07]} 32. Rhg1 {[%emt 0:00:04]} Rg8 {[%emt 0:00:01]} 33. Rxg8 {[%emt
0:00:11]} Rxg8 {[%emt 0:00:02]} 34. Na5 {[%emt 0:00:03]} Nb6 {[%emt 0:00:08]}
35. Nxb7 {[%emt 0:00:06]} Nxd5 {[%emt 0:00:03]} 36. b5 {[%emt 0:00:07]} Nab4 {
[%emt 0:00:15]} 37. a3 {[%emt 0:00:06]} Nd3 {[%emt 0:00:02]} 38. Ka4 {[%emt 0:
00:06]} Nxc1 {[%emt 0:00:02]} 39. Ned8 {[%emt 0:00:09]} Rxd8 {[%emt 0:00:02]}
40. Nxd8 {[%emt 0:00:02]} Kxd8 {[%emt 0:00:01]} 41. Ka5 {[%emt 0:00:02]} Kc7 {
[%emt 0:00:02]} 42. Ka6 {[%emt 0:00:02]} Kb8 {[%emt 0:00:01]} 43. a4 {[%emt 0:
00:04]} Nb3 {[%emt 0:00:03]} 44. a5 {[%emt 0:00:02]} Nc5# {[%emt 0:00:01]} 0-1

[Event "Benidorm Satellite preliminary"]
[Site "playchess.com #007036"]
[Date "2009.10.24"]
[Round "1"]
[White "Wethalon"]
[Black "Wolle1305"]
[Result "1-0"]
[WhiteElo "2471"]
[BlackElo "1679"]
[PlyCount "73"]
[EventDate "2009.10.24"]
[EventType "swiss (blitz)"]

1. e4 {[%emt 0:00:01]} e5 {[%emt 0:00:01]} 2. Nc3 {[%emt 0:00:01]} Nc6 {[%emt
0:00:01]} 3. Bc4 {[%emt 0:00:01]} Nf6 {[%emt 0:00:06]} 4. d3 {[%emt 0:00:01]}
Bb4 {[%emt 0:00:01]} 5. Bg5 {[%emt 0:00:02]} O-O {[%emt 0:00:07]} 6. Nge2 {
[%emt 0:00:02]} h6 {[%emt 0:00:01]} 7. Bh4 {[%emt 0:00:02]} d6 {[%emt 0:00:10]}
8. O-O {[%emt 0:00:02]} Bg4 {[%emt 0:00:05]} 9. Nd5 {[%emt 0:00:06]} g5 {[%emt
0:00:12]} 10. Bg3 {[%emt 0:00:02]} Nxd5 {[%emt 0:00:04]} 11. Bxd5 {[%emt 0:00:
02]} Nd4 {[%emt 0:00:02]} 12. f3 {[%emt 0:00:04]} Nxe2+ {[%emt 0:00:13]} 13.
Qxe2 {[%emt 0:00:02]} Bc5+ {[%emt 0:00:03]} 14. Kh1 {[%emt 0:00:02]} Bc8 {
[%emt 0:00:05]} 15. c3 {[%emt 0:00:09]} Kg7 {[%emt 0:00:01]} 16. a4 {[%emt 0:
00:05]} c6 {[%emt 0:00:03]} 17. Bb3 {[%emt 0:00:03]} f5 {[%emt 0:00:01]} 18.
exf5 {[%emt 0:00:04]} Bxf5 {[%emt 0:00:02]} 19. Rad1 {[%emt 0:00:05]} Qf6 {
[%emt 0:00:08]} 20. Bf2 {[%emt 0:00:09]} Bxf2 {[%emt 0:00:03]} 21. Qxf2 {[%emt
0:00:01]} c5 {[%emt 0:00:02]} 22. Bd5 {[%emt 0:00:09]} Rab8 {[%emt 0:00:01]}
23. d4 {[%emt 0:00:04]} cxd4 {[%emt 0:00:05]} 24. cxd4 {[%emt 0:00:01]} Be6 {
[%emt 0:00:01]} 25. dxe5 {[%emt 0:00:08]} dxe5 {[%emt 0:00:05]} 26. Qxa7 {
[%emt 0:00:09]} Bxd5 {[%emt 0:00:10]} 27. Rxd5 {[%emt 0:00:02]} e4 {[%emt 0:00:
00]} 28. Rdd1 {[%emt 0:00:25]} exf3 {[%emt 0:00:13]} 29. Rxf3 {[%emt 0:00:04]}
Qxb2 {[%emt 0:00:03]} 30. Rfd3 {[%emt 0:00:17]} Qe5 {[%emt 0:00:14]} 31. h3 {
[%emt 0:00:03]} Kg6 {[%emt 0:00:06]} 32. Rd6+ {[%emt 0:00:07]} Kg7 {[%emt 0:00:
12]} 33. Qb6 {[%emt 0:00:02]} Rbe8 {[%emt 0:00:09]} 34. Rg6+ {[%emt 0:00:05]}
Kf7 {[%emt 0:00:07]} 35. Rf1+ {[%emt 0:00:07]} Ke7 {[%emt 0:00:01]} 36. Qxb7+ {
[%emt 0:00:02]} Kd8 {[%emt 0:00:01]} 37. Rd1+ {[%emt 0:00:02] Wolle1305 gibt
auf} 1-0

[Event "Benidorm Satellite preliminary"]
[Site "playchess.com #007036"]
[Date "2009.10.24"]
[Round "1"]
[White "Kendo"]
[Black "Mandarin"]
[Result "1-0"]
[WhiteElo "2650"]
[BlackElo "1772"]
[PlyCount "99"]
[EventDate "2009.10.24"]
[EventType "swiss (blitz)"]

1. e4 {[%emt 0:00:02]} e6 {[%emt 0:00:01]} 2. d4 {[%emt 0:00:01]} d5 {[%emt 0:
00:01]} 3. Nc3 {[%emt 0:00:01]} dxe4 {[%emt 0:00:02]} 4. Nxe4 {[%emt 0:00:01]}
Nd7 {[%emt 0:00:01]} 5. Nf3 {[%emt 0:00:03]} Be7 {[%emt 0:00:01]} 6. c3 {[%emt
0:00:03]} Ngf6 {[%emt 0:00:01]} 7. Nxf6+ {[%emt 0:00:01]} Nxf6 {[%emt 0:00:01]}
8. Ne5 {[%emt 0:00:06]} Bd6 {[%emt 0:00:04]} 9. Bg5 {[%emt 0:00:10]} h6 {[%emt
0:00:03]} 10. Bh4 {[%emt 0:00:02]} Bxe5 {[%emt 0:00:02]} 11. dxe5 {[%emt 0:00:
03]} Qxd1+ {[%emt 0:00:02]} 12. Rxd1 {[%emt 0:00:03]} Nd5 {[%emt 0:00:03]} 13.
c4 {[%emt 0:00:06]} g5 {[%emt 0:00:01]} 14. Bxg5 {[%emt 0:00:18]} hxg5 {[%emt
0:00:01]} 15. cxd5 {[%emt 0:00:01]} exd5 {[%emt 0:00:01]} 16. Rxd5 {[%emt 0:00:
01]} Be6 {[%emt 0:00:01]} 17. Ra5 {[%emt 0:00:11]} a6 {[%emt 0:00:03]} 18. Be2
{[%emt 0:00:07]} O-O-O {[%emt 0:00:02]} 19. b4 {[%emt 0:00:21]} Rd5 {[%emt 0:
00:13]} 20. Bc4 {[%emt 0:00:41]} Rxa5 {[%emt 0:00:05]} 21. Bxe6+ {[%emt 0:00:
02]} fxe6 {[%emt 0:00:02]} 22. bxa5 {[%emt 0:00:00]} Kd7 {[%emt 0:00:02]} 23.
Ke2 {[%emt 0:00:10]} Rh4 {[%emt 0:00:02]} 24. g3 {[%emt 0:00:10]} Re4+ {[%emt
0:00:02]} 25. Kf3 {[%emt 0:00:01]} Rxe5 {[%emt 0:00:01]} 26. h4 {[%emt 0:00:01]
} gxh4 {[%emt 0:00:01]} 27. gxh4 {[%emt 0:00:01]} Rh5 {[%emt 0:00:02]} 28. Kg4
{[%emt 0:00:03]} Rh8 {[%emt 0:00:01]} 29. h5 {[%emt 0:00:01]} Ke7 {[%emt 0:00:
05]} 30. Kg5 {[%emt 0:00:08]} Kf7 {[%emt 0:00:01]} 31. h6 {[%emt 0:00:06]} Rg8+
{[%emt 0:00:01]} 32. Kf4 {[%emt 0:00:02]} Kg6 {[%emt 0:00:01]} 33. Ke5 {[%emt
0:00:16]} Kh7 {[%emt 0:00:14]} 34. Kxe6 {[%emt 0:00:05]} Re8+ {[%emt 0:00:03]}
35. Kd7 {[%emt 0:00:04]} Rf8 {[%emt 0:00:01]} 36. Kxc7 {[%emt 0:00:20]} Rxf2 {
[%emt 0:00:01]} 37. Kxb7 {[%emt 0:00:01]} Rxa2 {[%emt 0:00:01]} 38. Kxa6 {
[%emt 0:00:01]} Ra3 {[%emt 0:00:02]} 39. Kb6 {[%emt 0:00:01]} Rb3+ {[%emt 0:00:
01]} 40. Ka7 {[%emt 0:00:01]} Ra3 {[%emt 0:00:02]} 41. a6 {[%emt 0:00:01]} Ra2
{[%emt 0:00:02]} 42. Kb7 {[%emt 0:00:01]} Rb2+ {[%emt 0:00:01]} 43. Ka8 {[%emt
0:00:01]} Rb3 {[%emt 0:00:02]} 44. a7 {[%emt 0:00:01]} Rb2 {[%emt 0:00:01]} 45.
Rc1 {[%emt 0:00:06]} Kxh6 {[%emt 0:00:02]} 46. Rc7 {[%emt 0:00:01]} Kg6 {[%emt
0:00:01]} 47. Rb7 {[%emt 0:00:01]} Re2 {[%emt 0:00:04]} 48. Kb8 {[%emt 0:00:01]
} Re8+ {[%emt 0:00:02]} 49. Kc7 {[%emt 0:00:01]} Ra8 {[%emt 0:00:01]} 50. Kb6 {
[%emt 0:00:01] Mandarin gibt auf} 1-0

[Event "Benidorm Satellite preliminary"]
[Site "playchess.com #007036"]
[Date "2009.10.24"]
[Round "1"]
[White "Sonsil"]
[Black "ALFILH7"]
[Result "1-0"]
[WhiteElo "2128"]
[BlackElo "1553"]
[PlyCount "73"]
[EventDate "2009.10.24"]
[EventType "swiss (blitz)"]

1. e4 {[%emt 0:00:01]} e5 {[%emt 0:00:02]} 2. Nf3 {[%emt 0:00:02]} d6 {[%emt 0:
00:01]} 3. d4 {[%emt 0:00:02]} Bg4 {[%emt 0:00:01]} 4. dxe5 {[%emt 0:00:02]}
Nd7 {[%emt 0:00:04]} 5. e6 {[%emt 0:00:02]} fxe6 {[%emt 0:00:09]} 6. h3 {[%emt
0:00:01]} Bxf3 {[%emt 0:00:02]} 7. Qxf3 {[%emt 0:00:00]} Ngf6 {[%emt 0:00:04]}
8. Nc3 {[%emt 0:00:01]} Ne5 {[%emt 0:00:02]} 9. Qg3 {[%emt 0:00:04]} Qd7 {
[%emt 0:00:02]} 10. Bg5 {[%emt 0:00:06]} O-O-O {[%emt 0:00:03]} 11. O-O-O {
[%emt 0:00:01]} h6 {[%emt 0:00:06]} 12. Bd2 {[%emt 0:00:03]} g5 {[%emt 0:00:12]
} 13. Be2 {[%emt 0:00:20]} Be7 {[%emt 0:00:13]} 14. f3 {[%emt 0:00:06]} Nc6 {
[%emt 0:00:01]} 15. Bb5 {[%emt 0:00:03]} e5 {[%emt 0:00:02]} 16. Be3 {[%emt 0:
00:03]} a6 {[%emt 0:00:01]} 17. Ba4 {[%emt 0:00:02]} Nh5 {[%emt 0:00:06]} 18.
Qf2 {[%emt 0:00:02]} Nf4 {[%emt 0:00:01]} 19. g3 {[%emt 0:00:06]} Ne6 {[%emt 0:
00:01]} 20. Nd5 {[%emt 0:00:02]} Ned4 {[%emt 0:00:03]} 21. Bxd4 {[%emt 0:00:05]
} exd4 {[%emt 0:00:02]} 22. Bxc6 {[%emt 0:00:02]} bxc6 {[%emt 0:00:05]} 23.
Nxe7+ {[%emt 0:00:01]} Qxe7 {[%emt 0:00:03]} 24. Qxd4 {[%emt 0:00:00]} Qe6 {
[%emt 0:00:04]} 25. Qa4 {[%emt 0:00:04]} Kd7 {[%emt 0:00:02]} 26. Rhe1 {[%emt
0:00:04]} Rb8 {[%emt 0:00:02]} 27. e5 {[%emt 0:00:02]} d5 {[%emt 0:00:01]} 28.
c4 {[%emt 0:00:03]} Ke7 {[%emt 0:00:14]} 29. cxd5 {[%emt 0:00:06]} cxd5 {[%emt
0:00:06]} 30. Qc2 {[%emt 0:00:02]} c6 {[%emt 0:00:07]} 31. Qc5+ {[%emt 0:00:08]
} Kd7 {[%emt 0:00:03]} 32. Qa7+ {[%emt 0:00:04]} Kc8 {[%emt 0:00:05]} 33. Qxa6+
{[%emt 0:00:01]} Rb7 {[%emt 0:00:02]} 34. Re3 {[%emt 0:00:15]} Kc7 {[%emt 0:00:
01]} 35. Qa5+ {[%emt 0:00:04]} Kb8 {[%emt 0:00:04]} 36. Ra3 {[%emt 0:00:05]}
Re8 {[%emt 0:00:09]} 37. Re1 {[%emt 0:00:14] ALFILH7 rinde} 1-0

[Event "Benidorm Satellite preliminary"]
[Site "playchess.com #007036"]
[Date "2009.10.24"]
[Round "1"]
[White "Chessir"]
[Black "Marx"]
[Result "1-0"]
[WhiteElo "1997"]
[BlackElo "1294"]
[PlyCount "67"]
[EventDate "2009.10.24"]
[EventType "swiss (blitz)"]

1. e4 {[%emt 0:00:02]} e5 {[%emt 0:00:03]} 2. Nf3 {[%emt 0:00:03]} Nf6 {[%emt
0:00:01]} 3. Nxe5 {[%emt 0:00:02]} d6 {[%emt 0:00:02]} 4. Nxf7 {[%emt 0:00:01]}
Kxf7 {[%emt 0:00:01]} 5. Bc4+ {[%emt 0:00:01]} Be6 {[%emt 0:00:01]} 6. Bxe6+ {
[%emt 0:00:01]} Kxe6 {[%emt 0:00:01]} 7. O-O {[%emt 0:00:01]} Nc6 {[%emt 0:00:
16]} 8. f4 {[%emt 0:00:04]} Be7 {[%emt 0:00:16]} 9. d4 {[%emt 0:00:03]} Kf7 {
[%emt 0:00:03]} 10. e5 {[%emt 0:00:03]} dxe5 {[%emt 0:00:01]} 11. fxe5 {[%emt
0:00:01]} Qxd4+ {[%emt 0:00:05]} 12. Qxd4 {[%emt 0:00:01]} Nxd4 {[%emt 0:00:00]
} 13. exf6 {[%emt 0:00:01]} Bxf6 {[%emt 0:00:01]} 14. Na3 {[%emt 0:00:03]} Ne2+
{[%emt 0:00:21]} 15. Kh1 {[%emt 0:00:02]} Nxc1 {[%emt 0:00:01]} 16. Raxc1 {
[%emt 0:00:02]} Rhf8 {[%emt 0:00:10]} 17. Nb5 {[%emt 0:00:03]} c6 {[%emt 0:00:
09]} 18. Nd6+ {[%emt 0:00:05]} Kg8 {[%emt 0:00:06]} 19. Nxb7 {[%emt 0:00:07]}
Rab8 {[%emt 0:00:02]} 20. Nc5 {[%emt 0:00:09]} Rxb2 {[%emt 0:00:07]} 21. Nd7 {
[%emt 0:00:03]} Rf7 {[%emt 0:00:09]} 22. Nxf6+ {[%emt 0:00:03]} Rxf6 {[%emt 0:
00:01]} 23. Rxf6 {[%emt 0:00:02]} gxf6 {[%emt 0:00:01]} 24. a3 {[%emt 0:00:07]}
a5 {[%emt 0:00:14]} 25. g3 {[%emt 0:00:10]} Ra2 {[%emt 0:00:12]} 26. Rf1 {
[%emt 0:00:03]} Kg7 {[%emt 0:00:04]} 27. Rf5 {[%emt 0:00:16]} Rxa3 {[%emt 0:00:
53]} 28. Rc5 {[%emt 0:00:02]} Ra1+ {[%emt 0:00:06]} 29. Kg2 {[%emt 0:00:01]} a4
{[%emt 0:00:05]} 30. Rxc6 {[%emt 0:00:01]} a3 {[%emt 0:00:03]} 31. Rc7+ {[%emt
0:00:01]} Kg6 {[%emt 0:00:02]} 32. Ra7 {[%emt 0:00:06]} a2 {[%emt 0:00:01]} 33.
h4 {[%emt 0:00:20]} Rg1+ {[%emt 0:00:02]} 34. Kxg1 {[%emt 0:00:02] Marx resigns
} 1-0